00431nam a22001577a 450000500170000001000150001702000260003203500140005803700130007208200060008510000210009124500470011226000370015927000550019630000220025120181006141210.0 aENG-124192 a9789386338259c350.00 aEN-107724 bDBAD/PUB aN aGhose, Sudhin N. aCradle of the clouds /cby Sudhin N. Ghose aNew DelhibSpeaking Tiger c2017 a4381/4, Ansari Road, Daryaganj,bNew Delhie110002 a282p. c20cm(pbk)